| 000 | 01234nam0a22003251 4500 | ||
|---|---|---|---|
| 001 | v19\rc\1897833 | ||
| 005 | 20251118180437.7 | ||
| 035 | _a(NLR Aleph) 004983752 | ||
| 090 |
_a6212656 _c6212656 |
||
| 100 | _a20080221d1911 |||y0rusy50 ca | ||
| 101 | 0 | _arus | |
| 102 | _aRU | ||
| 105 | _aa z ||||| | ||
| 200 | 1 |
_aОбъемный анализ _fСост. А.К. Иванов, рук. практ. занятий в лаб. качеств. и количеств. анализа _gМоск. пром. уч-ще в память 25-летия царствования имп. Александра II |
|
| 210 |
_aМосква _cТ-во тип. А.И. Мамонтова _d1911 |
||
| 215 |
_a96 с., 1 л. черт. _cтабл. _d24 |
||
| 309 | _aБез тит. л. | ||
| 309 | _aНапеч. на пиш. маш. Литогр. | ||
| 532 | 1 | 3 | _aОбъемный анализ |
| 700 | 1 |
_aИванов _bА. К. _gАлександр Константинович _4220 |
|
| 801 | 0 |
_aRU _bNLR _gpsbo |
|
| 801 | 0 |
_aRU _bRuMoRGB _2psbo |
|
| 801 | 1 |
_aRU _bProSoft-M _2rusmarc |
|
| 852 |
_aNLR _j20.90.8.347 |
||
| 899 |
_aRuMoRGB _jU 79/120 |
||
| 899 |
_aRuMoRGB _jU 225/710 |
||
| 899 | _aБАН | ||
| 942 | _cBOOK | ||
| 980 | _aNB | ||